<?xml version="1.0" encoding="UTF-8"?>
<collection xmlns="http://www.loc.gov/MARC21/slim">
 <record>
  <leader>02234aam a22004818a 4500</leader>
  <controlfield tag="001">000018178</controlfield>
  <controlfield tag="003">14605</controlfield>
  <controlfield tag="005">20130924080911.0</controlfield>
  <controlfield tag="008">130917s2011                        viesd</controlfield>
  <datafield tag="020" ind1=" " ind2=" ">
   <subfield code="d">500b</subfield>
  </datafield>
  <datafield tag="041" ind1="0" ind2=" ">
   <subfield code="a">vie</subfield>
  </datafield>
  <datafield tag="082" ind1="1" ind2="4">
   <subfield code="2">14</subfield>
   <subfield code="a">910.71</subfield>
   <subfield code="b">NG-H</subfield>
  </datafield>
  <datafield tag="100" ind1="1" ind2=" ">
   <subfield code="a">Nguyễn Phi Hạnh</subfield>
   <subfield code="e">chủ biên</subfield>
  </datafield>
  <datafield tag="245" ind1="1" ind2="0">
   <subfield code="a">Giáo trình địa lí các châu lục</subfield>
   <subfield code="c">Nguyễn Phi Hạnh (ch.b.), Ông Thị Đan Thanh, Nguyễn Đình Giang</subfield>
   <subfield code="n">T.1</subfield>
   <subfield code="p">Những vấn đề địa lí toàn cầu, châu Phi, châu Âu và châu Mĩ</subfield>
  </datafield>
  <datafield tag="246" ind1=" " ind2=" ">
   <subfield code="a">Giáo trình địa lý các châu lục</subfield>
  </datafield>
  <datafield tag="260" ind1=" " ind2=" ">
   <subfield code="a">H.</subfield>
   <subfield code="b">Đại học Sư phạm</subfield>
   <subfield code="c">2011</subfield>
  </datafield>
  <datafield tag="300" ind1=" " ind2=" ">
   <subfield code="a">289 tr.</subfield>
   <subfield code="b">ảnh, bản đồ</subfield>
   <subfield code="c">24 cm.</subfield>
  </datafield>
  <datafield tag="500" ind1=" " ind2=" ">
   <subfield code="a">ĐTTS: Bộ Giáo dục và Đào. Dự án Đào tạo Giáo viên THCS</subfield>
  </datafield>
  <datafield tag="520" ind1=" " ind2=" ">
   <subfield code="a">Trình bày khái niệm và những kiến thức cơ bản về địa lí tự nhiên châu Nam Cực, châu đại Dương, châu Á; Khái quát về địa lí nhân văn và đặc điểm phát triển kinh tế xã hội các nước châu Á; Phương pháp dạy học bộ môn địa lí các châu...</subfield>
  </datafield>
  <datafield tag="650" ind1="0" ind2="4">
   <subfield code="2">Bộ TK TVQG</subfield>
   <subfield code="a">Địa lý</subfield>
   <subfield code="v">Giáo trình</subfield>
   <subfield code="z">Châu Phi</subfield>
  </datafield>
  <datafield tag="650" ind1="0" ind2="4">
   <subfield code="2">Bộ TK TVQG</subfield>
   <subfield code="a">Địa lý</subfield>
   <subfield code="v">Giáo trình</subfield>
   <subfield code="z">Châu Âu</subfield>
  </datafield>
  <datafield tag="650" ind1="0" ind2="4">
   <subfield code="a">Địa lý</subfield>
   <subfield code="v">Giáo trình</subfield>
   <subfield code="z">Châu Mỹ</subfield>
  </datafield>
  <datafield tag="653" ind1=" " ind2=" ">
   <subfield code="a">Địa lí</subfield>
  </datafield>
  <datafield tag="653" ind1=" " ind2=" ">
   <subfield code="a">Châu lục</subfield>
  </datafield>
  <datafield tag="653" ind1=" " ind2=" ">
   <subfield code="a">Châu Phi</subfield>
  </datafield>
  <datafield tag="653" ind1=" " ind2=" ">
   <subfield code="a">Châu Âu</subfield>
  </datafield>
  <datafield tag="653" ind1=" " ind2=" ">
   <subfield code="a">Châu Mĩ</subfield>
  </datafield>
  <datafield tag="655" ind1=" " ind2="7">
   <subfield code="2">Bộ TK TVQG</subfield>
   <subfield code="a">Giáo trình</subfield>
  </datafield>
  <datafield tag="700" ind1="1" ind2=" ">
   <subfield code="a">Ông Thị Đan Thanh</subfield>
  </datafield>
  <datafield tag="700" ind1="1" ind2=" ">
   <subfield code="a">Nguyễn Đình Giang</subfield>
  </datafield>
  <datafield tag="710" ind1=" " ind2=" ">
   <subfield code="a">Nguyễn Đình Giang</subfield>
  </datafield>
  <datafield tag="773" ind1=" " ind2=" ">
   <subfield code="d">Nxb. ĐH Sư phạm</subfield>
   <subfield code="d">H.</subfield>
   <subfield code="d">2007</subfield>
   <subfield code="t">Giáo trình địa lí các châu lục</subfield>
   <subfield code="w">11843</subfield>
  </datafield>
  <datafield tag="773" ind1=" " ind2=" ">
   <subfield code="b">In lần thứ 4</subfield>
   <subfield code="d">H.</subfield>
   <subfield code="d">Đại học Sư phạm</subfield>
   <subfield code="d">2011</subfield>
   <subfield code="t">Giáo trình địa lí các châu lục</subfield>
   <subfield code="w">14604</subfield>
  </datafield>
  <datafield tag="OWN" ind1=" " ind2=" ">
   <subfield code="a">LSP</subfield>
  </datafield>
  <datafield tag="AVA" ind1=" " ind2=" ">
   <subfield code="a">UDN50</subfield>
   <subfield code="b">LSP</subfield>
   <subfield code="d">910.71 NG-H</subfield>
   <subfield code="e">available</subfield>
   <subfield code="t">Error 5001 Not defined in file expand_doc_bib_avail.</subfield>
   <subfield code="f">5</subfield>
   <subfield code="g">0</subfield>
   <subfield code="h">N</subfield>
   <subfield code="i">0</subfield>
   <subfield code="k">1</subfield>
  </datafield>
  <datafield tag="999" ind1=" " ind2=" ">
   <subfield code="a">From the UDN01</subfield>
  </datafield>
  <datafield tag="AVA" ind1=" " ind2=" ">
   <subfield code="a">UDN50</subfield>
   <subfield code="b">LSP</subfield>
   <subfield code="d">910.71 NG-H</subfield>
   <subfield code="e">available</subfield>
   <subfield code="t">Error 5001 Not defined in file expand_doc_bib_avail.</subfield>
   <subfield code="f">5</subfield>
   <subfield code="g">0</subfield>
   <subfield code="h">N</subfield>
   <subfield code="i">0</subfield>
   <subfield code="k">1</subfield>
  </datafield>
  <datafield tag="TYP" ind1=" " ind2=" ">
   <subfield code="a">Monograph</subfield>
  </datafield>
  <datafield tag="TYP" ind1=" " ind2=" ">
   <subfield code="a">Printed language</subfield>
  </datafield>
  <datafield tag="980" ind1=" " ind2=" ">
   <subfield code="a">Mạng thư viện Đại học Đà Nẵng</subfield>
  </datafield>
 </record>
</collection>
